000 00406nam a2200157Ia 4500
005 20250429085357.0
008 240331s9999 xx 000 0 und d
020 _a8170901790
082 _a291.5
_bMUT
100 _aMuttusamy Pillai,K.M
245 0 _aKoeit kalangiam arimugam
260 _aThanchavoor
_bTamil Palkalaikalzha Achagam
_c1991
300 _a166 p .,
500 _aKovil Kalanchiyam
942 _cL
999 _c968
_d968